000 00532nam a2200217Ia 4500
003 ARRUPE
005 20170117102153.0
008 130303s9999 xx 000 0 und d
020 _a9715012833
040 _cARRUPELIB
050 _aREF BS125.C555
100 _aChristian Community
_928377
245 _aChristian Community Bible
250 _aCatholic Pastoral ed.
260 _aQuezon City
260 _bBernardo Hurault
300 _a513p.
300 _b 22cm.
650 _aBIBLE
_914864
942 _2lcc
_cMONOGRAPH
999 _c21575
_d21575